|
|
|
|
| LEADER |
00000nam a2200000 a 4500 |
| 001 |
vtls001378510 |
| 003 |
SK-MaSNL |
| 005 |
20260302071448.0 |
| 008 |
251124s1997 IT rg 0 ita |
| 020 |
|
|
|c [707,00]
|
| 035 |
|
|
|a SNK000332476
|
| 040 |
|
|
|a SNK
|b slo
|c SNK
|e AACR2
|
| 044 |
|
|
|a IT
|
| 080 |
|
|
|a 850-1
|2 1981
|
| 100 |
1 |
|
|a Giunta, Francesco Alberto
|d 1925-
|4 aut
|9 294383
|
| 245 |
1 |
|
|a Al vagar di stelle
|b poesie e chansons di un vagabondo
|c Francesco Alberto Giunta
|
| 260 |
|
|
|a Pescara
|b Tracce
|c 1997
|
| 300 |
|
|
|a 281 s.
|c 21 cm
|
| 650 |
0 |
7 |
|a literatúra talianska
|x poézia
|2 SNK
|9 733239
|
| 650 |
0 |
7 |
|a talianska poézia
|2 SNK
|9 1217
|
| 999 |
|
|
|c 1152174
|d 1154104
|
| 952 |
|
|
|t P60, <04>, [BOOK], {604}
|a SNK
|b SNK
|y VYP
|7 0
|p 17A0226046
|o snkIC 128301
|i snkV 57/2000
|0 0
|1 0
|4 0
|d 2000-01-25
|l 0
|r 2005-01-02 00:00:00
|w 2026-02-24
|